Southville International School and Colleges
Your cart is empty.
  • Cart
  • Lists
    Public lists Eva Luna New books Lux_list list_1
    Your lists Log in to create your own lists
  • Log in to your account
  • Your cookies
  • Search history
Southville International School and Colleges
  • Advanced search
  • Recent comments
  • Most popular
  • Libraries

Log in to your account

Log in with GOOGLE


If you do not have an external account, but do have a local account, you can still log in:

  1. Home
  2. MARC view: The Sioux /
Normal view MARC view ISBD view

The Sioux / (Record no. 12134)

[ view plain ]
MARC details
000 -LEADER
fixed length control field 00483nam a22001817a 4500
003 - CONTROL NUMBER IDENTIFIER
control field OSt
005 - DATE AND TIME OF LATEST TRANSACTION
control field 20140310182341.0
008 - FIXED-LENGTH DATA ELEMENTS--GENERAL INFORMATION
fixed length control field 130312t xxu||||| |||| 00| 0 eng d
020 ## - INTERNATIONAL STANDARD BOOK NUMBER
International Standard Book Number 1854341669
050 ## - LIBRARY OF CONGRESS CALL NUMBER
Classification number E 99
Item number .N624 1992
082 ## - DEWEY DECIMAL CLASSIFICATION NUMBER
Classification number GS 305.89
Item number Ni52 1992
100 ## - MAIN ENTRY--PERSONAL NAME
Personal name Nicholson, Robert
9 (RLIN) 15142
245 ## - TITLE STATEMENT
Title The Sioux /
Statement of responsibility, etc Robert Nicholson
260 ## - PUBLICATION, DISTRIBUTION, ETC. (IMPRINT)
Place of publication, distribution, etc New York :
Name of publisher, distributor, etc Chelsea Juniors,
Date of publication, distribution, etc 1992.
300 ## - PHYSICAL DESCRIPTION
Extent 31 p. :
Dimensions 28 cm.
Other physical details col. ill. ;
942 ## - ADDED ENTRY ELEMENTS (KOHA)
Source of classification or shelving scheme Library of Congress Classification
Koha item type
Holdings
Withdrawn status Lost status Source of classification or shelving scheme Damaged status Home library Current library Shelving location Date acquired Total Checkouts Full call number Barcode Date last seen Copy number Price effective from Koha item type
    Library of Congress Classification   Luxembourg Library Luxembourg Library Grade School Section 09/26/2013   E 99 .N624 1992 9254 12/09/2025 1 09/26/2013 Books

The Sioux /

APA

Nicholson R., . (1992). The Sioux. New York: Chelsea Juniors.

Chicago

Nicholson Robert, . 1992. The Sioux. New York: Chelsea Juniors.

Harvard

Nicholson R., . (1992). The Sioux. New York: Chelsea Juniors.

MLA

Nicholson Robert, . The Sioux. New York: Chelsea Juniors. 1992.

  • Place hold
  • Print
  • Cite
  • Add to your cart (remove)
  • Save record
    BIBTEX Dublin Core MARCXML MARC (non-Unicode/MARC-8) MARC (Unicode/UTF-8) MARC (Unicode/UTF-8, Standard) MODS (XML) RIS
  • More searches
    Search for this title in:
    Other Libraries (WorldCat) Other Databases (Google Scholar) Online Stores (Bookfinder.com) Open Library (openlibrary.org)

Exporting to Dublin Core...

SOUTHVILLE LIBRARY

Southville International School and Colleges Library

1281 Tropical Ave. Cor. Luxembourg St., BF Homes International, Las Pinas City

Tel. No. 8256374 / 252358 Loc. 117/146

Powered by Koha